BCPB - Burza cenných papierov v Bratislave obchodovanie na burze - základy obchodovania
Obchodovanie na burze vo svete a na Slovensku. Vznik a predmet obchodovania regulovaného trhu s cennými papiermi v SR. Zúčtovanie a vyrovnanie obchodov zabezpečuje Centrálny depozitár cenných papierov, a.s.
Enregistré dans:
| Auteur principal: | |
|---|---|
| Format: | Chapitre de livre |
| Langue: | slovaque |
| Sujets: | |
| Tags: |
Pas de tags, Soyez le premier à ajouter un tag!
|
MARC
| LEADER | 00000nla a2200000 4500 | ||
|---|---|---|---|
| 001 | 0168914 | ||
| 005 | 20250707090601.4 | ||
| 041 | 0 | |a slo | |
| 044 | |a SK | ||
| 245 | 1 | 0 | |a BCPB - Burza cenných papierov v Bratislave |b obchodovanie na burze - základy obchodovania |c Peter Badura |
| 520 | |a Obchodovanie na burze vo svete a na Slovensku. Vznik a predmet obchodovania regulovaného trhu s cennými papiermi v SR. Zúčtovanie a vyrovnanie obchodov zabezpečuje Centrálny depozitár cenných papierov, a.s. | ||
| 610 | 2 | 0 | |a Slovensko |
| 610 | 2 | 0 | |a burzy cenných papierov |
| 610 | 2 | 0 | |a burzovníctvo |
| 610 | 2 | 0 | |a obchody burzové |
| 610 | 2 | 0 | |a indexy burzové |
| 610 | 2 | 0 | |a stratégia investičná |
| 610 | 2 | 0 | |a nástroje investičné |
| 610 | 2 | 0 | |a akcionári |
| 100 | 1 | |a Badura, Peter, 1978- | |